000 01383cam a2200241 4500
001 ABS64853
008 020114n2001 000 0 eng u
035 _a(Sirsi) u116272
245 _aHenriques v Stephens (VO)
260 _c2001
490 _aRating Appeals
_v[2001] RA 366-377(12)
520 _aLT 6 August 2001. A local valuation tribunal valued a property described as an office at £810 rateable value. Ratepayer appealed against decision arguing that the Oxford English Dictionary definition of an office did not fit the description of the building. The premises was in exceptionally poor repair and was structually defective. The LT decided the premises were a hereditament correctly described as offices as it was used as an office until 1991 and could be used for such a purpose again if reasonable repairs were carried out. A lower rateable value was determined at the date 1 April 1995 at £585. View at www.courtservice.gov.uk/tribunals/lands_frm.htm.
590 _aABS
650 _aHENRIQUES V STEPHENS (VO) (2001)
650 _aANNUAL VALUE
650 _aOFFICE
650 _aHEREDITAMENTS
650 _aREPAIR WORK
650 _aSTRUCTURAL DEFECTS
690 _aBUILDING AND CONSTRUCTION-CASE LAW
856 _uhttps://www.courtservice.gov.uk/tribunals/lands/decisions/dec-ra-45-00.htm
_zView judgment on the Court Service website...
942 _n0
999 _c69260
_d69260